Phát hiện và phòng trừ sâu bệnh hại cây ăn quả ở Việt Nam/ T1: Cây có múi và nhãn vải
v.v...
Đã lưu trong:
| Tác giả chính: | |
|---|---|
| Định dạng: | Sách |
| Năm xuất bản: |
H.:
Lao động xã hội,
2005.
|
| Chủ đề: | |
| Tags: |
Thêm thẻ
Không có thẻ, Hãy là người đầu tiên gắn thẻ bản ghi này!
|
| LEADER | 01863nam a2200241 4500 | ||
|---|---|---|---|
| 082 | |a 632.9 |b V500KH | ||
| 100 | |a Vũ Khắc Nhượng | ||
| 245 | |a Phát hiện và phòng trừ sâu bệnh hại cây ăn quả ở Việt Nam/ |c Vũ Khắc Nhượng. |p T1: Cây có múi và nhãn vải | ||
| 260 | |a H.: |c 2005. |b Lao động xã hội, | ||
| 300 | |c 21 cm |a 103 tr.; | ||
| 520 | |a v.v... | ||
| 653 | |a Sâu bệnh hại cây - Kiểm soát | ||
| 942 | |2 ddc |c STK0 | ||
| 999 | |c 6601 |d 6601 | ||
| 952 | |0 0 |1 0 |2 ddc |4 0 |6 634_000000000000000_V500KH |7 0 |8 600 |9 61564 |a qbu |b qbu |c D3 |d 2015-01-21 |g 17000 |o 634 V500KH |p 6240.c1 |r 0000-00-00 |w 2015-01-21 |y STK0 | ||
| 952 | |0 0 |1 0 |2 ddc |4 0 |6 634_000000000000000_V500KH |7 0 |8 600 |9 61565 |a qbu |b qbu |c D3 |d 2015-01-21 |g 17000 |o 634 V500KH |p 6240.c2 |r 0000-00-00 |w 2015-01-21 |y STK0 | ||
| 952 | |0 0 |1 0 |2 ddc |4 0 |6 634_000000000000000_V500KH |7 0 |8 600 |9 61566 |a qbu |b qbu |c D3 |d 2015-01-21 |g 17000 |o 634 V500KH |p 6240.c3 |r 0000-00-00 |w 2015-01-21 |y STK0 | ||
| 952 | |0 0 |1 0 |2 ddc |4 0 |6 634_000000000000000_V500KH |7 0 |8 600 |9 61567 |a qbu |b qbu |c D3 |d 2015-01-21 |g 17000 |o 634 V500KH |p 6240.c4 |r 0000-00-00 |w 2015-01-21 |y STK0 | ||
| 952 | |0 0 |1 0 |2 ddc |4 0 |6 634_000000000000000_V500KH |7 0 |8 600 |9 61568 |a qbu |b qbu |c D3 |d 2015-01-21 |g 17000 |o 634 V500KH |p 6240.c5 |r 0000-00-00 |w 2015-01-21 |y STK0 | ||
| 952 | |0 0 |1 0 |2 ddc |4 0 |6 634_000000000000000_V500KH |7 0 |8 600 |9 61569 |a qbu |b qbu |c D3 |d 2015-01-21 |g 17000 |o 634 V500KH |p 6240.c6 |r 0000-00-00 |w 2015-01-21 |y STK0 | ||
| 952 | |0 0 |1 0 |2 ddc |4 0 |6 634_000000000000000_V500KH |7 0 |8 600 |9 61570 |a qbu |b qbu |c D3 |d 2015-01-21 |g 17000 |o 634 V500KH |p 6240.c7 |r 0000-00-00 |w 2015-01-21 |y STK0 | ||
| 952 | |0 0 |1 0 |2 ddc |4 0 |6 634_000000000000000_V500KH |7 0 |8 600 |9 61571 |a qbu |b qbu |c D3 |d 2015-01-21 |g 17000 |o 634 V500KH |p 6240.c8 |r 0000-00-00 |w 2015-01-21 |y STK0 | ||
| 952 | |0 0 |1 0 |2 ddc |4 0 |6 634_000000000000000_V500KH |7 0 |8 600 |9 61572 |a qbu |b qbu |c D3 |d 2015-01-21 |g 17000 |o 634 V500KH |p 6240.c9 |r 0000-00-00 |w 2015-01-21 |y STK0 | ||